Estadísticas para Jugadores míticos (Que no famosos) de LaLiga #1

Haz click aquí para intentar la prueba.

Estadísticas generales

  • Esta prueba ha sido intentada 181 veces
  • La puntuación promedio es 14 de 24

Estadísticas de respuestas

Respuesta% Correcto
Adrián López
95%
Adriano
87%
Pedro León
83%
San José
83%
Bruno Soriano
82%
Piatti
78%
Salva Sevilla
78%
Ricardo Carvalho
77%
Valerón
73%
Tamudo
71%
Munitis
59%
Recio
58%
Portillo
57%
El Arabi
55%
Lopo
54%
Rochina
53%
Manucho
50%
Ballesteros
49%
Ujfalusi
43%
Manu Del Moral
36%
Riki
32%
Kike Sola
30%
Cejudo
29%
Borja Oubiña
27%

Distribución de puntuación

Porcentaje por número respondido

Porcentaje de gente con cada puntuación

Historial de tus puntuaciones

No has intentado esta prueba.